000 01819nam a22002297a 4500
003 DO-CoUTE
005 20230510112232.0
008 230510b dr ||||| |||| 00| 0 spa d
020 _a978-84-943449-4-7
040 _aDO-CoUTE
_bspa
_cDO-CoUTE
082 _222
_a895.6 T882h 2015
100 1 _aTsunetomo, yamamoto
_eautor
245 1 0 _aHAGAKURE :
_bEl código del Samurái /
_cyamamoto Tsunetomo
250 _aprimera edición
260 _aMéxico :
_bQUATERNI,
_c2015
300 _a135 páginas :
_bFotos ;
_c16x22cm.
504 _aIncluye referencia bibliográfica e índice
520 _aCon un estilo narrativo que recuerda a Las mil y una noches, Hagakure es una colección de cuentos y anécdotas que nos muestran el verdadero espíritu del Bushido, el Camino del Samurái. Una filosofía alejada de nuestra visión occidental, pero narrada con gran maestría a través del dibujo y de una selección de relatos tan aleccionadores como sorprendentes. Un joven samurái busca el consejo de un viejo y experimentado guerrero que se ha convertido en un monje zen. Así comienzan una serie de enseñanzas memorables, cuentos de samuráis y de guerreros famosos y su esfuerzo por no desviarse del Camino. Con cada anécdota, el joven no solo aprenderá lo que significa ser un samurái, sino también lo que es el sentido del deber, el coraje, la justicia, la lealtad y el honor.Basado en la traducción realizada por William Scott Wilson del clásico japonés del siglo XVIII, esta es la primera vez que se versiona en cómic el que es considerado el más influyente de todos los tratados de samuráis, una obra que deleitará por igual a los fans del manga y a todo aquel interesado en la cultura japonesa.
650 4 _2código samurái
700 1 _aSean Michael Wilson
_eautor
942 _2ddc
_cBK
999 _c22537
_d22537